000
00208nam a22000857a 4500
001
1235199
005
20250930111434.0
245
_a
SAVAŞ VE BAŞARI
_c
BRIGITTE LABBE
260
_b
GÜNIŞIĞI KİTAPLIĞI YAYINLARI
999
_c
1235199
_d
1235199